Statistics for All Cities That Appear In DramaAlert's Intro

Click here to take the quiz!

General Stats

  • This quiz has been taken 5 times
  • The average score is 32 of 34

Answer Stats

CityCountry% Correct
Abu DhabiUnited Arab Emirates
100%
AthensGreece
100%
BangkokThailand
100%
BerlinGermany
100%
BostonUnited States
100%
BudapestHungary
100%
CairoEgypt
100%
Cape TownSouth Africa
100%
CopenhagenDenmark
100%
DublinIreland
100%
JakartaIndonesia
100%
JohannesburgSouth Africa
100%
Kuala LumpurMalaysia
100%
Los AngelesUnited States
100%
MadridSpain
100%
MelbourneAustralia
100%
MumbaiIndia
100%
New DelhiIndia
100%
OsloNorway
100%
PragueCzech Republic
100%
RiyadhSaudi Arabia
100%
RomeItaly
100%
SeoulSouth Korea
100%
TaipeiTaiwan
100%
TorontoCanada
100%
ViennaAustria
100%
WarsawPoland
100%
ZürichSwitzerland
100%
BeirutLebanon
80%
BratislavaSlovakia
80%
CaracasVenezuela
80%
GenevaSwitzerland
80%
San FranciscoUnited States
80%
DetroitUnited States
20%

Score Distribution

Percentile by Number Answered

Percent of People with Each Score

Your Score History

You have not taken this quiz